01445nab a22002657a 450000500170000000800410001704000250005804100080008304400070009110000320009824500430013026000630017330000580023650500590029452002090035365000620056265000600062465000650068470000470074977301010079685600880089794200160098599900170100195201610101820150715120055.0150715b2014 ck ||pd |||| 00| 0 spa d aCO-BoIAVHcCO-BoIAVH aspa ack1 aMadriñan, Santiago9358241 aFlora de Macondo/cSantiago Madriñan3 aBogotá (Colombia):bBiblioteca Luis Angel Arango,c2014. aAño 2014, Nro 85, Pags. 66-99bilustaciones, color. aSe presentan las plantas ordenadas por nombre común. aUna lectura de Cien años de soledad con ojo de botánico revela un gran número de plantas, silvestres y cultivadas, que forman parte de la vegetación de la región o son usadas por sus pobladores. 4aPlantasxCrónicaszMacondo (Magdalena, Colombia)935829 4aPlantasxHistoriazMacondo (Magdalena, Colombia)935830 4aPlantasxObservaciónzMacondo (Magdalena, Colombia)9358311 aDe Valdenebro, Eulaliaeilustradora9358280 dBogotá Biblioteca Luis Angel Arango. 1958 -o038105tBoletín cultural y bibliográfico BLAA uhttp://publicaciones.banrepcultural.org/index.php/boletin_cultural/article/view/640 2zcARTICULO c17592d17592 00102z40718HEMEROTECAA2014B48C85aBogotabBogotad2015-07-15hFuera de circulaciónl0pAUTO_29558r2015-07-15 00:00:00w2015-07-15xCanjeyARTICULO